Snooker World Rankings 2024 - Statistics

General Stats
  • This quiz has been taken 65 times
  • The average score is 38 of 125
Answer Stats
Rank Nation Player Points % Correct
1. England Judd Trump 1,483,000
94%
4 England Ronnie O'Sullivan 739,500
94%
9. China Ding Junhui 466,500
92%
10. England Gary Wilson 456,400
92%
2. England Kyren Wilson 987,500
92%
5. England Mark Selby 669,500
90%
3. Northern Ireland Mark Allen 983,000
88%
37. England Jimmy Robertson 156,100
85%
25. Australia Neil Robertson 244,350
85%
6. Belgium Luca Brecel 659,900
83%
7. Wales Mark Williams 658,000
83%
44. England Robbie Williams 133,500
83%
16 Scotland John Higgins 318,850
81%
78. China Ma Hailong 37,850
73%
62. China He Guoqiang 87,350
69%
8. England Shaun Murphy 604,300
69%
24. England Stuart Bingham 251,900
67%
104. Wales Duane Jones 8,000
63%
15. Wales Jak Jones 332,500
63%
47. Wales Jamie Jones 123,750
63%
68. Hong Kong Marco Fu 50,000
56%
11. England Ali Carter 444,900
54%
17. England Barry Hawkins 306,850
54%
90. England Jimmy White 17,500
54%
52. China Xu Si 111,750
50%
13. China Si Jiahui 358,400
48%
22. Iran Hossein Vafaei 271,900
46%
123. Ireland Ken Doherty 0
46%
31. Scotland Stephen Maguire 187,750
46%
12. China Zhang Anda 442,750
44%
54. Scotland Graeme Dott 103,900
40%
59. England Mark Davis 93,450
38%
40. Thailand Thepchaiya Un-Nooh 155,000
38%
45. Wales Jackson Page 132,100
35%
50. Wales Matthew Stevens 114,950
35%
41. Wales Dominic Dale 143,600
33%
29. China Xiao Guodong 199,500
33%
26. China Zhou Yuelong 238,850
33%
63. Ireland Aaron Hill 84,450
31%
34. Scotland Anthony McGill 167,750
31%
114. England (f) Reanne Evans 4,000
31%
103. England Allan Taylor 8,000
29%
58. England Anthony Hamilton 95,600
29%
20. England David Gilbert 290,250
29%
46. Northern Ireland Jordan Brown 126,350
29%
21. England Robert Milkins 286,000
29%
14. England Tom Ford 343,850
29%
39. China Wu Yize 155,000
29%
27. Thailand Noppon Saengkham 228,850
27%
28. China Pang Junxu 223,900
27%
49. England Ben Woollaston 115,000
25%
23. England Chris Wakelin 254,400
25%
19. England Jack Lisowski 295,900
25%
30. England Joe O'Connor 199,250
25%
88. China Lei Peifan 22,000
25%
81. Malaysia Rory Thor 33,000
25%
18. Wales Ryan Day 301,400
25%
86. England Stan Moody 24,500
25%
83. Switzerland Alexander Ursenbacher 26,000
23%
82. England Andrew Higginson 29,100
23%
118. China (f) Bai Yulu 0
23%
94. Belgium Ben Mertens 14,350
21%
51. China Fan Zhengyi 112,000
21%
48. England Joe Perry 119,950
21%
35. England Ricky Walden 158,500
21%
93. England Zak Surety 15,750
21%
92. Latvia Artemijs Zizins 15,950
19%
71. India Ishpreet Singh Chadha 44,000
19%
106. Wales Liam Davies 7,000
19%
70. China Long Zehuang 44,100
19%
110. Thailand (f) Mink Nutcharut 6,000
19%
102. Poland Antoni Kowalski 8,000
17%
91. Hungary Bulcsu Revesz 15,950
17%
55. Wales Daniel Wells 101,500
17%
75. China Jiang Jun 40,900
17%
96. Scotland Liam Graham 12,500
17%
57. England Martin O'Donnel 98,000
17%
33. England Matthew Selt 174,250
17%
101. England Michael Holt 8,600
17%
43. Scotland Scott Donaldson 135,850
17%
117. China Wang Yuchen 1,000
17%
120. Malaysia Kok Leong Lim 0
15%
99. England Oliver Lines 9,400
15%
64. England Sanderson Lam 84,000
15%
124. United States Ahmed Aly Elsayed 0
13%
119. Thailand (f) Baipat Siripaporn 0
13%
79. England Ian Burns 36,600
13%
61. Wales Jamie Clarke 88,450
13%
84. England Liam Pullen 26,000
13%
65. China Liu Hongyu 75,600
13%
125. United Arab Emirates Mohamed Shehab 0
13%
73. Scotland Ross Muir 42,000
13%
69. England Stuart Carrington 46,000
13%
95. Thailand Sunny Akani 13,400
13%
87. Wales Andrew Pagett 23,100
10%
66. England David Grace 75,600
10%
36. England Elliot Slessor 157,350
10%
111. Pakistan Farakh Ajaib 6,000
10%
80. England Hammad Miah 34,900
10%
113. China Huang Jiahao 4,000
10%
77. England Martin Gould 40,000
10%
108. Egypt Mostafa Dorgham 6,500
10%
98. Northern Ireland Robbie McGuigan 12,000
10%
97. Iran Amir Sarkhosh 12,350
8%
67. England Ashley Carty 58,000
8%
89. Scotland Dean Young 17,850
8%
85. China Gong Chenzhi 26,000
8%
112. Brazil Jonas Luz 4,000
8%
105. Hong Kong Ka Wai Cheung 7,000
8%
72. England Louis Heathcote 44,000
8%
53. England Sam Craigie 109,500
8%
38. China Yuan Sijun 155,900
8%
122. Pakistan Haris Tahir 0
6%
107. England Haydon Pinhey 7,000
6%
100. Belgium Julien Leclercq 9,350
6%
121. India Kreishh Gurbaxani 0
6%
32. China Lyu Haotian 187,300
6%
115. England Mitchell Mann 3,000
6%
56. China Tian Pengfei 99,850
6%
76. England Alfie Burden 40,350
4%
109. Scotland Chris Totten 6,000
4%
60. England David Lilley 89,350
4%
116. Thailand Manasawin Phetmalaikul 3,000
4%
74. China Xing Zihao 41,000
4%
42. China Cao Yupeng 137,500
2%
No matching quizzes found
Score Distribution
Percent of People with Each Score
Percentile by Number Answered
Your Score History
You have not taken this quiz